000 00407nam a2200121Ia 4500
008 151015s9999 xx 000 0 und d
050 _aLC 3988 .K4K57
245 _aMusibala,Peter
250 _a_Special needs education Education resources in an inclusive setting module 11 Peter Musibala
300 _aNairobi KISE
650 _a_special needs educational resources
700 _a^d20110608 12:56:09^oanne
999 _c1988
_d1988